Faculty of Law Library — Cairo University

Official Online Catalog

شرح قانون الإجراءات الجنائية : (Record no. 59151)

MARC details
000 -LEADER
fixed length control field 01151nam a22003137a 4500
003 - CONTROL NUMBER IDENTIFIER
control field EG-GICUC
005 - DATE AND TIME OF LATEST TRANSACTION
control field 20260124230329.0
008 - FIXED-LENGTH DATA ELEMENTS--GENERAL INFORMATION
fixed length control field 260124s2019 ua ||||fr|||| 00| 0 ara d
040 ## - CATALOGING SOURCE
Original cataloging agency EG-GICUC
Language of cataloging ara
Transcribing agency EG-GICUC
Modifying agency EG-GICUC
Description conventions rda
041 ## - LANGUAGE CODE
Language code of text/sound track or separate title ara
082 04 - DEWEY DECIMAL CLASSIFICATION NUMBER
Edition number 21
Classification number 343.3
Item number م ح . ش
092 04 - LOCALLY ASSIGNED DEWEY CALL NUMBER (OCLC)
Edition number 21
099 ## - LOCAL FREE-TEXT CALL NUMBER (OCLC)
Classification number Law1 10 343.3 6 ed - 2019
100 0# - MAIN ENTRY--PERSONAL NAME
Personal name محمود نجييب حسني
Relator term مؤلف.
245 ## - TITLE STATEMENT
Title شرح قانون الإجراءات الجنائية :
Remainder of title وفقا لأحدث التعديلات /
Statement of responsibility, etc. محمود نجييب حسني
250 ## - EDITION STATEMENT
Edition statement الطبعة السادسة
264 ## - PRODUCTION, PUBLICATION, DISTRIBUTION, MANUFACTURE, AND COPYRIGHT NOTICE
Place of production, publication, distribution, manufacture القاهرة :
Name of producer, publisher, distributor, manufacturer دار النهضة العربية ,
Date of production, publication, distribution, manufacture, or copyright notice 2019 .
300 ## - PHYSICAL DESCRIPTION
Extent 837 صفحة;
Dimensions 24 سم
336 ## - CONTENT TYPE
Source rda content
Content type term text
337 ## - MEDIA TYPE
Source rda media
Media type term Computer
338 ## - CARRIER TYPE
Source rda carrier
Carrier type term Online Resource
546 ## - LANGUAGE NOTE
Language note النص باللغة العربية
650 1# - SUBJECT ADDED ENTRY--TOPICAL TERM
Topical term or geographic name entry element قانون جنائي
650 1# - SUBJECT ADDED ENTRY--TOPICAL TERM
Topical term or geographic name entry element قانون الإجراءات الجنائية
700 ## - ADDED ENTRY--PERSONAL NAME
Personal name فوزية عبدالستار
Relator term مراجع.
856 40 - ELECTRONIC LOCATION AND ACCESS
Uniform Resource Identifier <a href="https://fll.law.cu.edu.eg/fulltext/bks/B10-05772.pdf">https://fll.law.cu.edu.eg/fulltext/bks/B10-05772.pdf</a>
905 ## - Cataloger and Reviser Names
Cataloger Name: Marwa
942 ## - ADDED ENTRY ELEMENTS (KOHA)
Source of classification or shelving scheme Dewey Decimal Classification
Koha item type Books
Edition 21
Suppress in OPAC No
Holdings
Withdrawn status Lost status Source of classification or shelving scheme Damaged status Not for loan Collection Home library Current library Date acquired Total checkouts Full call number Barcode Date last seen Copy number Price effective from Koha item type
    Dewey Decimal Classification   Not for loan القانون الجنائي جــــامعة القــاهرة مكتبة كلية الحقوق - المبنى الرئيسي 24.01.2026   Law1 10 343.3 م ح . ش 6 ed - 2019 1005772 V1,C1 B10-05772 24.01.2026 1 24.01.2026 Books

© All rights reserved — Faculty of Law, Cairo University